[Event "Fars Province-ch"]
[Site "Shiraz"]
[Date "2017.07.24"]
[Round "9"]
[White "Naderi, MJ."]
[Black "Alizadeh, Gh"]
[Result "1/2-1/2"]
[WhiteElo "2201"]
[BlackElo "2204"]
[PlyCount "67"]
[EventDate "2017.07.19"]
[EventType "swiss"]
[EventRounds "11"]
[EventCountry "IRI"]
[SourceTitle "CBM 187 Extra"]
[Source "ChessBase"]
[SourceDate "2018.11.04"]
[SourceVersion "1"]
[SourceVersionDate "2018.11.04"]
[SourceQuality "1"]

1. c4 c5 2. Nc3 Nc6 3. g3 g6 4. Bg2 Bg7 5. Nf3 e5 6. 0-0 Nge7 7. d3 d6 8. a3 0-0 9. Rb1 a5 10. Ne1 Be6 11. Nc2 d5 12. cxd5 Nxd5 13. Ne3 Nce7 14. Qa4 b6 15. Nexd5 Nxd5 16. Nxd5 Bxd5 17. Bxd5 Qxd5 18. Be3 h5 19. Rfc1 Rfb8 20. Qb5 e4 21. Qc4 Qxc4 22. dxc4 Rd8 23. a4 Rd7 24. Rd1 Rad8 25. Rxd7 Rxd7 26. Kg2 f5 27. f3 exf3+ 28. Kxf3 Kf7 29. b3 Ke6 30. h3 Be5 31. h4 Bf6 32. Rc1 Be5 33. Rc2 Rd1 34. Rc1 1/2-1/2

[Event "Fars Province-ch"]
[Site "Shiraz"]
[Date "2017.07.21"]
[Round "4"]
[White "Naderi, MJ."]
[Black "Faridi, Faham"]
[Result "1-0"]
[WhiteElo "2201"]
[BlackElo "1867"]
[PlyCount "43"]
[EventDate "2017.07.19"]
[EventType "swiss"]
[EventRounds "11"]
[EventCountry "IRI"]
[SourceTitle "CBM 187 Extra"]
[Source "ChessBase"]
[SourceDate "2018.11.04"]
[SourceVersion "1"]
[SourceVersionDate "2018.11.04"]
[SourceQuality "1"]

1. e4 e5 2. Nf3 Nf6 3. Nxe5 Nxe4 4. Qe2 Qe7 5. Qxe4 d6 6. d4 dxe5 7. dxe5 Nc6 8. Bb5 Bd7 9. Nc3 Qb4 10. Bc4 0-0-0 11. a3 Qe7 12. Bf4 g5 13. Nd5 Qc5 14. Be3 Qa5+ 15. c3 Re8 16. 0-0 Nxe5 17. b4 Nxc4 18. Qxc4 Bb5 19. Qg4+ Bd7 20. Qxd7+ Kxd7 21. bxa5 Re5 22. Bd4 1-0